| 000 | 00491nam a2200181 i 4500 | ||
|---|---|---|---|
| 001 | 150548 | ||
| 003 | ES-MaACL | ||
| 005 | 20251017063105.0 | ||
| 007 | t| | ||
| 008 | 071031s1972 sp ||||1| spa d | ||
| 100 | 0 |
_aValdivia Sánchez, Eduardo _9112542 |
|
| 245 | 1 | 0 |
_a¡Arre, Moisés! / _cEduardo Valdivia. |
| 250 | _a[1ª ed.]. | ||
| 260 |
_aMadrid : _bAlfaguara, _c[1972] |
||
| 300 |
_a416 p. ; _c21 cm. |
||
| 852 |
_aES-MaACL _jC-43385 _bR.83299 |
||
| 999 |
_c150548 _d150548 |
||